|
|
|
|
| LEADER |
00000nta a2200000 i 4500 |
| 001 |
dolg874 |
| 005 |
20150806090734.0 |
| 008 |
150305suuuu hu om 000 hun d |
| 040 |
|
|
|a BGE Dolgozattár Repozitórium
|b hun
|
| 041 |
|
|
|a hun
|
| 100 |
1 |
|
|a Bánházi Csenge Noémi
|
| 245 |
1 |
0 |
|a Költség- és folyamat-optimalizálás a tengeri konténeres szállítmányozásban kontrollált hőmérsékletű, ömlesztett és folyékony áruk esetén
|h [elektronikus dokumentum] /
|c Bánházi Csenge Noémi
|
| 695 |
|
|
|a Szállítmányozás
|
| 695 |
|
|
|a Tengeri szállítmányozás
|
| 700 |
0 |
1 |
|a Tátrai Anna
|e ths
|
| 856 |
4 |
0 |
|u http://dolgozattar.uni-bge.hu/874/1/Szakdolgozat-%20k%C3%A9sz.pdf
|z Dokumentum-elérés
|
| 856 |
4 |
0 |
|u http://dolgozattar.uni-bge.hu/874/7/B%C3%A1nh%C3%A1zi%20Csenge.pdf
|z Dokumentum-elérés
|